Personnalités au hasard #16 - Statistiques

Statistiques générales
  • Ce quiz a été pris 409 fois
  • Le résultat moyen est 13 sur 32
Statistiques - réponses
Par images Réponse % Correct
Brad Pitt
95%
Renaud
90%
Mark Zuckerberg
89%
Pierre Palmade
80%
Britney Spears
76%
Diam's
74%
Jules Koundé
65%
Kendall Jenner
64%
Wendie Renard
64%
Julien Courbet
61%
PLK
59%
Anne-Sophie Lapix
58%
Nico Capone
52%
Eugénie Le Sommer
48%
Liam Neeson
46%
Jake Gyllenhaal
40%
Bertrand Chameroy
36%
Anya Taylor-Joy
35%
Carlos Ghosn
32%
Frank Ocean
25%
Géraldine Maillet
21%
La Zarra
18%
Audrey Crespo-Mara
12%
Sarah Knafo
11%
Nicole Richie
10%
Julie Andrieu
9%
Mike Pence
9%
Netta
8%
Mahmood
7%
Grégory Doucet
5%
Andrée Chedid
2%
Missy Elliott
2%
Aucun quiz correspondant
Distribution des résultats
% des personnes avec chaque résultat
Percentile par nombre de réponses
Votre historique - résultats
Vous n’avez pas pris ce quiz